| 000 | 00504nam a22001457a 4500 | ||
|---|---|---|---|
| 005 | 20170110110044.0 | ||
| 008 | 170110b xxu||||| |||| 00| 0 eng d | ||
| 020 | _a9781612509228 | ||
| 040 | _cPK-LaUMT | ||
| 082 |
_a306 _bTEA- |
||
| 245 |
_aTeaching and learning for the twenty-first century : _beducational goals, policies, and curricula from six nations / _cedited by Fernando M. Reimers and connie K. Chung |
||
| 260 |
_aCambridge : _bHarvard Education Press, _c2016 |
||
| 300 | _a298 p. | ||
| 942 | _cBK | ||
| 999 |
_c89985 _d89985 |
||